[Event "Regensburg Donau Cup"]
[Site "Regensburg"]
[Date "2017.05.25"]
[Round "3"]
[White "Uphoff, Lennart"]
[Black "Brack, Johannes"]
[Result "1-0"]
[WhiteElo "2004"]
[BlackElo "1889"]
[PlyCount "37"]
[EventDate "2017.05.24"]
[EventType "swiss"]
[EventRounds "7"]
[EventCountry "GER"]
[SourceTitle "CBM 178 Extra"]
[Source "ChessBase"]
[SourceDate "2017.06.22"]
[SourceVersion "1"]
[SourceVersionDate "2017.06.22"]
[SourceQuality "1"]

1. d4 d5 2. c4 c6 3. Nf3 Nf6 4. Nc3 e6 5. Bg5 Nbd7 6. e3 Be7 7. Bd3 0-0 8. 0-0 dxc4 9. Bxc4 b5 10. Bd3 a6 11. Qe2 c5 12. Rad1 Qc7 13. e4 cxd4 14. Nxd4 Qc5 15. Be3 Qc7 16. Rc1 Qa5 17. Nc6 Qc7 18. Nxe7+ Kh8 19. Nxb5 1-0

[Event "Regionalliga NO 1617"]
[Site "Bayern"]
[Date "2017.04.30"]
[Round "9.7"]
[White "Duerr, Florian"]
[Black "Brack, Johannes"]
[Result "1-0"]
[WhiteElo "2043"]
[BlackElo "1885"]
[PlyCount "79"]
[EventDate "2016.10.16"]
[EventType "team-tourn"]
[EventRounds "9"]
[EventCountry "GER"]
[SourceTitle "EXT 2019"]
[Source "ChessBase"]
[SourceDate "2018.10.10"]
[SourceVersion "1"]
[SourceVersionDate "2018.10.10"]
[SourceQuality "1"]
[WhiteTeam "Erlangen SC II"]
[BlackTeam "Regensburg Turnerschaft"]
[WhiteTeamCountry "GER"]
[BlackTeamCountry "GER"]

1. Nf3 d5 2. g3 Nf6 3. Bg2 c5 4. 0-0 Nc6 5. d4 Bf5 6. c4 e6 7. cxd5 Nxd5 8. Nc3 Nxc3 9. bxc3 Be7 10. Qb3 Qb6 11. Ne5 Nxe5 12. dxe5 0-0-0 13. Qa4 f6 14. Bf4 g5 15. e4 Bg6 16. exf6 Bxf6 17. Rab1 Qa6 18. Qxa6 bxa6 19. Rb8+ Kd7 20. Rb7+ Ke8 21. Bc7 Rc8 22. e5 Be7 23. Rd1 Bc2 24. Bc6+ Kf7 25. Rd7 Rhe8 26. Rd2 Bf5 27. Bxe8+ Kxe8 28. f3 g4 29. Bd6 Bg5 30. f4 Bd8 31. c4 Ba5 32. Re7+ Kd8 33. Rb2 Be4 34. Rb3 Bb4 35. a3 Bc2 36. Rb2 Bxa3 37. Rxc2 Bb4 38. Rxh7 Rc6 39. Rxa7 a5 40. h3 1-0

[Event "Regionalliga NO 1516"]
[Site "Bayern"]
[Date "2016.03.13"]
[Round "8.3"]
[White "Brack, Johannes"]
[Black "Menacher, Manfred"]
[Result "0-1"]
[WhiteElo "1875"]
[BlackElo "2201"]
[PlyCount "44"]
[EventDate "2015.10.11"]
[EventType "team-tourn"]
[EventRounds "9"]
[EventCountry "GER"]
[SourceTitle "EXT 2018"]
[Source "ChessBase"]
[SourceDate "2017.10.13"]
[SourceVersion "1"]
[SourceVersionDate "2017.10.13"]
[SourceQuality "1"]
[WhiteTeam "Regensburg Turnerschaft"]
[BlackTeam "Regensburg Bavaria"]
[WhiteTeamCountry "GER"]
[BlackTeamCountry "GER"]

1. c4 Nf6 2. g3 g6 3. Bg2 Bg7 4. Nc3 d6 5. e4 0-0 6. Nge2 c5 7. 0-0 Nc6 8. Rb1 Ne8 9. a3 a5 10. d3 Nc7 11. Nd5 Rb8 12. b4 axb4 13. axb4 Nxd5 14. exd5 Nxb4 15. d4 Bf5 16. Rxb4 cxb4 17. Qb3 Qa5 18. Bb2 Ra8 19. Nc1 Rfc8 20. Re1 Bf6 21. Bf1 Qa4 22. Qe3 Qc2 0-1

[Event "Regionalliga NO 1516"]
[Site "Bayern"]
[Date "2015.11.15"]
[Round "3.3"]
[White "Brack, Johannes"]
[Black "Hofer, Markus"]
[Result "0-1"]
[WhiteElo "1875"]
[BlackElo "2100"]
[PlyCount "88"]
[EventDate "2015.10.11"]
[EventType "team-tourn"]
[EventRounds "9"]
[EventCountry "GER"]
[SourceTitle "EXT 2018"]
[Source "ChessBase"]
[SourceDate "2017.10.13"]
[SourceVersion "1"]
[SourceVersionDate "2017.10.13"]
[SourceQuality "1"]
[WhiteTeam "Regensburg Turnerschaft"]
[BlackTeam "Buechenbach/Roth"]
[WhiteTeamCountry "GER"]
[BlackTeamCountry "GER"]

1. d4 d5 2. Nf3 Nf6 3. e3 c6 4. Bd3 Bg4 5. Nbd2 Nbd7 6. 0-0 e6 7. Qe2 Qc7 8. e4 dxe4 9. Nxe4 Nxe4 10. Bxe4 Nf6 11. Bd3 0-0-0 12. c3 Nd5 13. Bc2 Bd6 14. h3 Bh5 15. Be3 Nf4 16. Bxf4 Bxf4 17. Rfe1 c5 18. g4 Bg6 19. dxc5 Qxc5 20. Rad1 Bxc2 21. Qxc2 h5 22. Qe4 hxg4 23. hxg4 Rxd1 24. Rxd1 Bg3 25. Rd4 Bc7 26. Rb4 Qc6 27. Qxc6 bxc6 28. Rc4 Kb7 29. Ng5 Rf8 30. Kg2 Bd8 31. Nf3 Bc7 32. Nd4 Rd8 33. Rxc6 e5 34. Rc4 exd4 35. cxd4 Bb6 36. Kf3 Rxd4 37. Rc2 Rd3+ 38. Ke4 Rd4+ 39. Kf5 g6+ 40. Kf6 Rf4+ 41. Ke7 Bxf2 42. b3 g5 43. Kd6 Bb6 44. Rg2 Rf2 0-1

[Event "Oberpfalz-ch M1"]
[Site "Schwandorf"]
[Date "2015.03.29"]
[Round "3"]
[White "Mueller, Johannes1111"]
[Black "Brack, Johannes"]
[Result "1-0"]
[WhiteElo "1826"]
[BlackElo "1975"]
[PlyCount "99"]
[EventDate "2015.03.28"]
[EventType "swiss"]
[EventRounds "8"]
[EventCountry "GER"]
[SourceTitle "EXT 2022"]
[Source "ChessBase"]
[SourceDate "2021.10.06"]
[SourceVersion "1"]
[SourceVersionDate "2021.10.06"]
[SourceQuality "1"]

1. d4 Nf6 2. c4 e6 3. Nc3 d5 4. cxd5 exd5 5. Bg5 Nbd7 6. Qc2 Be7 7. e3 0-0 8. Bd3 h6 9. Bf4 c6 10. h3 Re8 11. Nf3 Bb4 12. a3 Bxc3+ 13. bxc3 Ne4 14. 0-0 Ndf6 15. Rfb1 g5 16. Be5 g4 17. hxg4 b6 18. Nh2 Nd7 19. Bxe4 dxe4 20. Qxe4 Nxe5 21. dxe5 Qe7 22. Nf3 Bb7 23. Qf4 Kg7 24. Rd1 c5 25. Rd6 Bxf3 26. Qxh6+ Kg8 27. gxf3 Qxe5 28. Kg2 Qxc3 29. Rh1 Qg7 30. Qf4 Qe5 31. Qh6 Qg7 32. Qh2 Rad8 33. Rh6 Kf8 34. Qc7 Kg8 35. Qxa7 c4 36. Rh7 Qf6 37. R1h6 Qe7 38. Rh8+ Kg7 39. R6h7+ Kg6 40. Qxb6+ Rd6 41. Qb1+ Rd3 42. Qb6+ Rd6 43. Rh6+ Kg7 44. Qxd6 Qxd6 45. Rxd6 Rxh8 46. Rc6 Ra8 47. Rxc4 Rxa3 48. f4 Kg6 49. e4 Rb3 50. Rc5 1-0

[Event "Oberpfalz-ch M1"]
[Site "Sinzing"]
[Date "2014.04.13"]
[Round "4"]
[White "Brack, Johannes"]
[Black "Riedl, Maximilian"]
[Result "1-0"]
[WhiteElo "1936"]
[BlackElo "2007"]
[PlyCount "71"]
[EventDate "2014.04.12"]
[EventType "swiss"]
[EventRounds "8"]
[EventCountry "GER"]
[SourceTitle "EXT 2022"]
[Source "ChessBase"]
[SourceDate "2021.10.06"]
[SourceVersion "1"]
[SourceVersionDate "2021.10.06"]
[SourceQuality "1"]

1. d4 d6 2. c4 c5 3. d5 e5 4. dxe6 Bxe6 5. e4 Nc6 6. Nc3 Nd4 7. Nf3 Nxf3+ 8. Qxf3 a6 9. Be2 Qf6 10. Qg3 Qg6 11. Bf4 Qxg3 12. Bxg3 0-0-0 13. 0-0-0 f6 14. Rd2 Nh6 15. f4 g6 16. Bh4 Bg7 17. Rhd1 Kc7 18. Nd5+ Bxd5 19. Rxd5 b6 20. Kc2 Nf7 21. a3 h6 22. Bf2 a5 23. b4 Rhe8 24. Bf3 a4 25. Kb1 Rb8 26. Kc1 Red8 27. Bg4 Re8 28. bxc5 bxc5 29. Bxc5 Rxe4 30. R5d4 Re7 31. Rxd6 f5 32. Bf3 Bb2+ 33. Kc2 Re4 34. Bxe4 fxe4 35. Rd7+ Kc6 36. Bb4 1-0

[Event "Wittelsbach op 1st"]
[Site "Kelheim"]
[Date "2012.12.29"]
[Round "6"]
[White "Fischer, Wolfgang1111"]
[Black "Brack, Johannes"]
[Result "0-1"]
[WhiteElo "1474"]
[BlackElo "1865"]
[PlyCount "34"]
[EventDate "2012.12.26"]
[EventType "swiss"]
[EventRounds "7"]
[EventCountry "GER"]
[SourceTitle "EXT 2014"]
[Source "ChessBase"]
[SourceDate "2013.11.20"]
[SourceVersion "1"]
[SourceVersionDate "2013.11.20"]
[SourceQuality "1"]

1. e4 c5 2. Nf3 d6 3. Bb5+ Bd7 4. Bxd7+ Nxd7 5. 0-0 Ngf6 6. Re1 g6 7. e5 dxe5 8. Nxe5 Bg7 9. Qf3 Qc7 10. Qe2 Nxe5 11. Qxe5 Qxe5 12. Rxe5 b6 13. d3 e6 14. Re1 Nd5 15. Nd2 Nb4 16. Rb1 Nxc2 17. Re4 Nb4 0-1

[Event "Oberpfalz-ch M2"]
[Site "Roding"]
[Date "2010.03.27"]
[Round "1"]
[White "Werner, Holger"]
[Black "Brack, Johannes"]
[Result "1/2-1/2"]
[WhiteElo "1871"]
[BlackElo "1631"]
[PlyCount "32"]
[EventDate "2010.03.27"]
[EventType "swiss"]
[EventRounds "8"]
[EventCountry "GER"]
[SourceTitle "EXT 2012"]
[Source "ChessBase"]
[SourceDate "2011.11.24"]
[SourceVersion "1"]
[SourceVersionDate "2011.11.24"]
[SourceQuality "1"]

1. c4 e5 2. Nc3 Nc6 3. g3 f5 4. Bg2 Nf6 5. d3 Bc5 6. e3 0-0 7. Nge2 d6 8. 0-0 Qe8 9. Na4 Bb6 10. a3 Bd7 11. b4 e4 12. Nxb6 axb6 13. dxe4 fxe4 14. Bb2 Ne5 15. Bxe5 Qxe5 16. Qd4 Rae8 1/2-1/2

[Event "Oberpfalz-ch M3"]
[Site "Kareth Lappersdorf"]
[Date "2008.03.15"]
[Round "2"]
[White "Brack, Johannes"]
[Black "Zinkl, Maria"]
[Result "1-0"]
[WhiteElo "1353"]
[BlackElo "1135"]
[PlyCount "61"]
[EventDate "2008.03.15"]
[EventType "swiss"]
[EventRounds "8"]
[EventCountry "GER"]
[SourceTitle "EXT 2022"]
[Source "ChessBase"]
[SourceDate "2021.10.06"]
[SourceVersion "1"]
[SourceVersionDate "2021.10.06"]
[SourceQuality "1"]

1. c4 e6 2. d4 d5 3. cxd5 exd5 4. g3 Nf6 5. Bg2 Bf5 6. Nf3 Be7 7. 0-0 0-0 8. Nc3 c6 9. Bf4 Nbd7 10. Nd2 Qb6 11. Nb3 Rfe8 12. a3 h6 13. e3 Rac8 14. Rc1 Qd8 15. f3 Nf8 16. e4 dxe4 17. fxe4 Bg6 18. e5 N6d7 19. Be4 Bxe4 20. Nxe4 Ne6 21. Qh5 Nxf4 22. Rxf4 Rf8 23. Rcf1 Qe8 24. Na5 b6 25. Nc4 f6 26. Qg4 Rb8 27. e6 f5 28. exd7 fxg4 29. dxe8Q Rfxe8 30. Rxg4 Kh7 31. Rf7 1-0

[Event "Nittenau-ch 5th"]
[Site "Nittenau"]
[Date "2005.09.04"]
[Round "6"]
[White "Pongratz, Erich"]
[Black "Brack, Johannes"]
[Result "1/2-1/2"]
[WhiteElo "1670"]
[BlackElo "1017"]
[PlyCount "49"]
[EventDate "2005.09.01"]
[EventType "swiss"]
[EventRounds "7"]
[EventCountry "GER"]
[SourceTitle "EXT 2008"]
[Source "ChessBase"]
[SourceDate "2007.11.25"]
[SourceVersion "1"]
[SourceVersionDate "2007.11.25"]
[SourceQuality "1"]

1. d4 d5 2. c4 e6 3. Nc3 Nf6 4. cxd5 exd5 5. Bg5 Be7 6. e3 Bf5 7. Qb3 Nc6 8. Bxf6 gxf6 9. Nxd5 Be6 10. Bc4 Na5 11. Qa4+ c6 12. Nxe7 Nxc4 13. Nxc6 bxc6 14. Qxc6+ Ke7 15. Qc5+ Qd6 16. Qxd6+ Kxd6 17. b3 Na3 18. Kd2 Bd5 19. f3 Rhg8 20. g4 Rac8 21. Rc1 Rxc1 22. Kxc1 Kc6 23. Kb2 Nb5 24. h3 f5 25. Rh2 1/2-1/2

[Event "Nittenau-ch 5th"]
[Site "Nittenau"]
[Date "2005.09.03"]
[Round "4"]
[White "Brack, Johannes"]
[Black "Trautner, Armin"]
[Result "1-0"]
[WhiteElo "1017"]
[BlackElo "1157"]
[PlyCount "43"]
[EventDate "2005.09.01"]
[EventType "swiss"]
[EventRounds "7"]
[EventCountry "GER"]
[SourceTitle "EXT 2008"]
[Source "ChessBase"]
[SourceDate "2007.11.25"]
[SourceVersion "1"]
[SourceVersionDate "2007.11.25"]
[SourceQuality "1"]

1. e4 c5 2. Nf3 e6 3. e5 d6 4. exd6 Bxd6 5. Bc4 Nf6 6. Nc3 0-0 7. d3 Nc6 8. Bg5 h6 9. Bh4 Be7 10. Nd2 e5 11. Bxf6 Bxf6 12. Nd5 Re8 13. Ne4 b6 14. Qf3 Nd4 15. Qh5 Nxc2+ 16. Ke2 Nxa1 17. Ndxf6+ gxf6 18. Qxf7+ Kh8 19. Qg6 Be6 20. Nxf6 Bg8 21. Qxh6+ Bh7 22. Qxh7# 1-0

[Event "Nittenau-ch 5th"]
[Site "Nittenau"]
[Date "2005.09.02"]
[Round "3"]
[White "Brack, Johannes"]
[Black "Kutschera, Reinhardt"]
[Result "0-1"]
[WhiteElo "1017"]
[BlackElo "1472"]
[PlyCount "68"]
[EventDate "2005.09.01"]
[EventType "swiss"]
[EventRounds "7"]
[EventCountry "GER"]
[SourceTitle "EXT 2008"]
[Source "ChessBase"]
[SourceDate "2007.11.25"]
[SourceVersion "1"]
[SourceVersionDate "2007.11.25"]
[SourceQuality "1"]

1. e4 d6 2. d4 Nf6 3. Nc3 g6 4. Bg5 Bg7 5. f4 0-0 6. Bc4 a6 7. e5 Ng4 8. Nf3 Ne3 9. Qe2 Nxc4 10. Qxc4 dxe5 11. dxe5 Be6 12. Qb4 Qc8 13. Bxe7 Nc6 14. Qa3 Re8 15. Bh4 Bf8 16. Qa4 b5 17. Qe4 Nb4 18. a3 Bf5 19. Qe2 Nxc2+ 20. Kf2 Bc5+ 21. Kg3 Nxa1 22. Rxa1 h5 23. Nd5 Kg7 24. Bf6+ Kf8 25. b4 Ba7 26. Rc1 Bd3 27. e6 Bxe2 28. e7+ Kg8 29. h3 Bxf3 30. gxf3 Qd7 31. Rd1 c6 32. Nc3 Rxe7 33. Rxd7 Rxd7 34. Ne4 Bd4 0-1

[Event "Nittenau-ch 5th"]
[Site "Nittenau"]
[Date "2005.09.01"]
[Round "1"]
[White "Brack, Johannes"]
[Black "Braeutigam, Markus"]
[Result "0-1"]
[WhiteElo "1017"]
[BlackElo "1658"]
[PlyCount "46"]
[EventDate "2005.09.01"]
[EventType "swiss"]
[EventRounds "7"]
[EventCountry "GER"]
[SourceTitle "EXT 2008"]
[Source "ChessBase"]
[SourceDate "2007.11.25"]
[SourceVersion "1"]
[SourceVersionDate "2007.11.25"]
[SourceQuality "1"]

1. e4 e5 2. f4 d6 3. Nf3 Nc6 4. Bc4 Nf6 5. d3 Bg4 6. 0-0 Nd4 7. Nbd2 c6 8. fxe5 dxe5 9. Bxf7+ Ke7 10. Bc4 Qb6 11. Kh1 Rd8 12. b3 Nxf3 13. Nxf3 Nxe4 14. Qe1 Nf6 15. Ba3+ c5 16. Nxe5 Be6 17. Bxc5+ Qxc5 18. Ng6+ Kd7 19. Qxe6+ Kc7 20. Nxh8 Re8 21. Qf7+ Kb8 22. Rxf6 Qe5 23. Re6 Qxa1+ 0-1

[Event "Oberpfalz-ch M3"]
[Site "Regensburg"]
[Date "2004.04.05"]
[Round "6.20"]
[White "Brack, Johannes"]
[Black "Baeuml, Gerhard"]
[Result "0-1"]
[WhiteElo "779"]
[BlackElo "1339"]
[PlyCount "83"]
[EventDate "2004.04.03"]
[EventType "swiss"]
[EventRounds "8"]
[EventCountry "GER"]
[SourceTitle "EXT 2022"]
[Source "ChessBase"]
[SourceDate "2021.10.06"]
[SourceVersion "1"]
[SourceVersionDate "2021.10.06"]
[SourceQuality "1"]

1. d4 Nf6 2. c4 g6 3. Bg5 Bg7 4. e3 0-0 5. Bd3 b6 6. Ne2 Bb7 7. Nbc3 Bxg2 8. Rg1 Bf3 9. Bxf6 Bxf6 10. Be4 Bxe4 11. Nxe4 Bg7 12. Qc2 f5 13. Nd2 Nc6 14. d5 Ne5 15. f4 Ng4 16. e4 e6 17. h3 Qh4+ 18. Rg3 Nf6 19. Nf3 Qh5 20. Neg1 fxe4 21. Rg5 Qh6 22. Nd2 exd5 23. cxd5 Qh4+ 24. Kd1 Qxf4 25. Rg2 Nxd5 26. Qb3 c6 27. Rg4 Qf6 28. Rxe4 Rae8 29. Rb1 Rxe4 30. Nxe4 Qf1+ 31. Kc2 Qg2+ 32. Kd3 Kh8 33. Qc2 Nb4+ 34. Ke3 Qxc2 35. Re1 Qxb2 36. Nf3 Nc2+ 37. Kd3 Nxe1+ 38. Nxe1 Qb1+ 39. Nc2 Qd1+ 40. Nd2 Rf3+ 41. Ne3 Bh6 42. Kc4 0-1